Catálogo
 En Linea

La colección teatral "La farsa" / (Registro nro. 5384)

Detalles MARC
000 -CABECERA
campo de control de longitud fija 00686nam a2200217 a 4500
001 - NÚMERO DE CONTROL
campo de control 000005585
003 - IDENTIFICADOR DEL NÚMERO DE CONTROL
campo de control DO-SdBNP
005 - FECHA Y HORA DE LA ÚLTIMA TRANSACCIÓN
campo de control 20240830110646.0
008 - DATOS DE LONGITUD FIJA--INFORMACIÓN GENERAL
campo de control de longitud fija 090820s1971 sp 001 0 spa d
040 ## - FUENTE DE LA CATALOGACIÓN
Centro catalogador/agencia de origen DO-SdBNP
Centro/agencia transcriptor DO-SdBNP
Normas de descripción rda
049 ## - FONDOS LOCALES (OCLC)
Fondos de biblioteca BNPD
082 ## - NÚMERO DE LA CLASIFICACIÓN DECIMAL DEWEY
Número de clasificación xxx
Número de documento/Ítem E74c
100 1# - ENTRADA PRINCIPAL--NOMBRE DE PERSONA
Nombre de persona Escueva Martínez, Manuel
9 (RLIN) 15772
245 13 - MENCIÓN DE TÍTULO
Título La colección teatral "La farsa" /
Mención de responsabilidad, etc. Manuel Escueva Martínez.
260 ## - PUBLICACIÓN, DISTRIBUCIÓN, ETC.
Lugar de publicación, distribución, etc. Madrid :
Nombre del editor, distribuidor, etc. Consejo Superior de Investigaciones Científicas,
Fecha de publicación, distribución, etc. 1971.
300 ## - DESCRIPCIÓN FÍSICA
Extensión 511 p. ;
Dimensiones 23 cm.
490 0# - MENCIÓN DE SERIE
Mención de serie Anejos de la revista Segismundo
Designación de volumen o secuencia 3
500 ## - NOTA GENERAL
Nota general Incluye tabla de contenido
830 #0 - PUNTO DE ACCESO ADICIONAL DE SERIE-TÍTULO UNIFORME
Título uniforme Anejos de la revista Segismundo
Número de parte o sección de la obra 3
9 (RLIN) 15773
942 ## - ELEMENTOS DE PUNTO DE ACCESO ADICIONAL (KOHA)
Fuente del sistema de clasificación o colocación Dewey Decimal Classification
Tipo de ítem Koha Libro
Existencias
Estado de retiro Estado de pérdida Restricciones de uso No para préstamo Código de colección Localización permanente Ubicación/localización actual Ubicación en estantería Fecha de adquisición Número de inventario Total de préstamos Signatura topográfica completa Código de barras Fecha visto por última vez Precio válido a partir de Tipo de ítem Koha
      Excluido de préstamo Monografías: Libros y Folletos General General En catalogación 20.08.2009 LF1   xxx E74c 5585-10 25.06.2020 25.06.2020 No se presta

Con tecnología Koha